000 00914nam a2200253Ia 4500
003 OSt
005 20221005133657.0
006 a|||||r|||| 00| 0
007 ta
008 221004b |||||||| |||| 00| 0 hin d
020 _c1000
024 _a81570
037 _b646, 30/03/2005, Indraprastha Books & Periodicals
_cTextual
040 _aCRL
_cCRL
_bhin
041 _2hin
_ahin
082 _aO152v, P4.1-.4
100 _aनीलाभ, संपा.
245 0 _aहिन्दी साहित्य का मौखिक इतिहास
_b स्मृति संवाद
246 _aHindī sāhitya kā maukhik itihāsa: smṛuti sanvāda
260 _c2004
650 _aहिन्दी साहित्य
942 _hO152v, P4.1-.4
_cTEXL
_2cc
999 _c1067513
_d1067513